Statistieken voor Noord-Amerikaanse Topografie

Klik hier om de quiz te nemen!

Algemene statistieken

  • Deze quiz is 91 keer genomen
    (90 sinds de laatste reset)
  • De gemiddelde score is 14 van 22

Antwoordstatistieken

Antwoord% Correct
Canada
89%
Mexico
89%
Atlantische Oceaan
83%
Florida
83%
Verenigde Staten
83%
Groenland
78%
Hawaii
78%
Los Angeles
78%
Mexico-Stad
78%
Alaska
72%
Californië
72%
New York
72%
Ottawa
72%
Washington D.C.
72%
Chicago
67%
Grote Oceaan
56%
Rocky Mountains
56%
Montréal
50%
Grote Meren
22%
Appalachen
17%
Mississippi Rivier
6%
Straat Bering
6%

Scoreverdeling

Percentiel versus Aantal Correcte Antwoorden

Procent van Mensen met Elke Score

Uw Scoregeschiedenis

U heeft deze quiz nog niet genomen sinds de laatste reset